000 00408nam a2200145Ia 4500
008 100204s9999 xx 000 0 und d
082 _b883
100 _aभागवत यशवंत
245 _aपोरकी
260 _b"दिपज्योती प्रकाशन , पुणे"
_c1979
300 _a156
630 _aपोरकी
730 _aपोरकी
942 _cBOOK
999 _c446078
_d446075